Districts of Sint Maarten With a Map - Statistics

General Stats
  • This quiz has been taken 184 times
  • The average score is 5 of 8
Answers on the Map
Answers color-coded by a green-red scale on the quiz's map according to % correct below.
 
Answer Stats
Geozone % Correct
Philipsburg
89%
Cul de Sac
65%
Simpson Bay
65%
Cole Bay
64%
Lower Prince's Quarter
64%
Upper Prince's Quarter
62%
Lowlands
56%
Little Bay
51%
No matching quizzes found
Score Distribution
Percent of People with Each Score
Percentile by Number Answered
Your Score History
You have not taken this quiz